Хлебников и филонов
Elmentve itt :
| Szerző: | |
|---|---|
| További közreműködők: | |
| Dokumentumtípus: | Szakdolgozat |
| Megjelent: |
1992
|
| Tárgyszavak: | |
| Online Access: | http://diploma.bibl.u-szeged.hu/133307 |
| LEADER | 00600nta a2200181 i 4500 | ||
|---|---|---|---|
| 001 | dipl133307 | ||
| 005 | 20230417105105.0 | ||
| 008 | 230413s1992 hu om 0|| rus d | ||
| 040 | |a SZTE Diploma Repozitórium |b hun | ||
| 041 | |a rus | ||
| 100 | 1 | |a Kiss Györgyi | |
| 245 | 1 | 0 | |a Хлебников и филонов |h [elektronikus dokumentum] / |c Györgyi Kiss |
| 260 | |c 1992 | ||
| 650 | 4 | |a Bölcsészettudományok | |
| 650 | 4 | |a Humanities | |
| 650 | 4 | |a Languages and Literature | |
| 700 | 1 | |a Bagi Ibolya |e ths | |
| 856 | 4 | 0 | |u https://diploma.bibl.u-szeged.hu/id/eprint/133307/1/1992_kiss_gyorgyi.pdf |z Dokumentum-elérés |